|
|
|
|
| LEADER |
01798pam a22004097a 4500 |
| 001 |
AALTaylor&Francisebook000016 |
| 003 |
BD-DhAAL |
| 005 |
20230911114137.0 |
| 006 |
m||||||||d|||||||| |
| 007 |
cr|||||||||||| |
| 008 |
220110t2006\\\\fluab\\\ob\\\\001\0\eng\d |
| 010 |
|
|
|a 2005050561
|
| 020 |
|
|
|a 9780429125577
|
| 020 |
|
|
|a 9780849328947
|
| 035 |
|
|
|a (OCoLC)326763049
|
| 040 |
|
|
|a DLC
|c DLC
|d DLC
|d BD-DhAAL
|
| 042 |
|
|
|a pcc
|
| 050 |
0 |
0 |
|a GB656.2.E43
|b H92 2006
|
| 082 |
0 |
0 |
|a 551.480285
|2 22
|
| 245 |
0 |
0 |
|a Hydroinformatics
|h [electronic resource] :
|b data integrative approaches in computation, analysis, and modeling /
|c edited by Praveen Kumar ... [et al.].
|
| 264 |
|
|
|a Boca Raton :
|b Taylor & Francis,
|c 2006.
|
| 300 |
|
|
|a 1 online resource (xviii, 534 pages)
|
| 500 |
|
|
|a <strong>Off-Campus Access:</strong> Athens ID and Password Required
|
| 500 |
|
|
|a <strong>On-Campus Access:</strong> No User ID or Password Required
|
| 500 |
|
|
|a Access type: Perpetual access
|
| 504 |
|
|
|a Includes bibliographical references and index.
|
| 526 |
|
|
|a ARC
|x Dr. Imon Chowdhooree
Assistant Professor
|
| 538 |
|
|
|a Mode of access: Internet
|
| 541 |
|
|
|a Taylor & Francis
|h USD 318,75
|
| 650 |
|
0 |
|a Hydrology
|x Data processing.
|9 44614
|
| 655 |
|
|
|a Electronic books.
|
| 700 |
1 |
|
|a Kumar, Praveen.
|9 44616
|
| 852 |
|
|
|a Ayesha Abed Library
|
| 856 |
|
|
|z Full text available on Taylor & Francis
|u https://www.taylorfrancis.com/books/9781420038002
|
| 942 |
|
|
|2 ddc
|c EBK
|
| 999 |
|
|
|c 43420
|d 43420
|
| 952 |
|
|
|0 0
|1 0
|2 ddc
|4 0
|6 551_480285000000000_HYD
|7 0
|9 69686
|a BRACUL
|b BRACUL
|d 2022-01-10
|e Taylor & Francis
|g 27231.51
|l 0
|o 551.480285 HYD
|r 2022-01-10
|t 1
|w 2022-01-10
|y EBK
|x As discussed with Acquisition team, according to invoice date (12.01.2022) of the ebook, converted USD 318.75 to BDT 27231.51.
|